KOHA-Header-6

Essentials of Understanding Psychology (Record no. 13735)

000 -LEADER
fixed length control field 00321nam a22001337a 4500
020 ## - INTERNATIONAL STANDARD BOOK NUMBER
ISBN 9781260147704
082 ## - DEWEY DECIMAL CLASSIFICATION NUMBER
Classification number 150
100 ## - MAIN ENTRY--AUTHOR NAME
Personal name Feldman, Robert S.
245 ## - TITLE STATEMENT
Title Essentials of Understanding Psychology
250 ## - EDITION STATEMENT
Edition statement 12e
260 ## - PUBLICATION, DISTRIBUTION, ETC. (IMPRINT)
Place of publication New York
Name of publisher McGraw Hill Education
Year of publication 2017
300 ## - PHYSICAL DESCRIPTION
Number of Pages xxxvi, 532 pages
942 ## - ADDED ENTRY ELEMENTS (KOHA)
Koha item type Books
Holdings
Withdrawn status Lost status Collection code Permanent Location Current Location Shelving location Date acquired Full call number Accession Number Koha item type
    Psychology MAJU MAJU Shelf No.A35 2023-03-20 150 10830 Books

Powered by Koha